Central Library and Information Centre
Sibsagar Girls' College, Sivasagar : Assam

SUCCESS WITH GRAMMER AND COMPOSITION (Record no. 7901)

MARC details
000 -LEADER
fixed length control field 00417cam a2200169ua 4500
008 - FIXED-LENGTH DATA ELEMENTS--GENERAL INFORMATION
fixed length control field 160617n1995 II |||gr||||Z||||||eng
040 ## - CATALOGING SOURCE
Original cataloging agency MAIN
041 ## - LANGUAGE CODE
-- English
082 ## - DEWEY DECIMAL CLASSIFICATION NUMBER
Classification number 425 NAR
100 ## - MAIN ENTRY--PERSONAL NAME
Personal name NARAYANASWAMY, K. R.,
Relator term AUTHOR.
245 ## - TITLE STATEMENT
Title SUCCESS WITH GRAMMER AND COMPOSITION
260 ## - PUBLICATION, DISTRIBUTION, ETC.
Place of publication, distribution, etc. HYDERABAD
Name of publisher, distributor, etc. ORIENT LONGMAN
Date of publication, distribution, etc. 1995
300 ## - PHYSICAL DESCRIPTION
Extent 342:
Dimensions 22CM.
942 ## - ADDED ENTRY ELEMENTS (KOHA)
Koha item type Books
653 ## - INDEX TERM--UNCONTROLLED
Uncontrolled term English grammar
Holdings
Withdrawn status Lost status Damaged status Not for loan Collection code Home library Current library Shelving location Date acquired Full call number Barcode Date last seen Copy number Price effective from Koha item type Public note
        TBENG Central Library and Information Centre Sibsagar Girls College Central Library and Information Centre Sibsagar Girls College ENGLISH BOOK RACK 23.06.1998 425 NAR 15255 27.02.2020 1 27.02.2020 Books V


Sibsagar Girl's College © 2020. All rights reserved.
Powered by Koha.
Maintained by Abhijit Borpuzari.